Pays par point aléatoire sur son territoire - Statistiques

Statistiques générales
  • Ce quiz a été pris 384 fois
  • Le résultat moyen est 16 sur 20
Réponses sur la Carte
Les réponses sont colorées sur une échelle allant du rouge au vert en fonction du pourcentage des utilisateurs qui les ont devinées à leur premier essai. Vous pouvez retrouver ces pourcentages ci-dessous.
 
Statistiques - réponses
pays % Correct
Afghanistan
100%
Afrique du Sud
100%
Afrique du Sud
100%
Afrique du Sud
100%
Afrique du Sud
100%
Afrique du Sud
100%
Afrique du Sud
100%
Algérie
100%
Algérie
100%
Algérie
100%
Algérie
100%
Algérie
100%
Algérie
100%
Algérie
100%
Algérie
100%
Algérie
100%
Algérie
100%
Algérie
100%
Algérie
100%
Algérie
100%
Algérie
100%
Algérie
100%
Algérie
100%
Algérie
100%
Algérie
100%
Algérie
100%
Allemagne
100%
Allemagne
100%
Allemagne
100%
Allemagne
100%
Andorre
100%
Angola
100%
Angola
100%
Angola
100%
Angola
100%
Angola
100%
Angola
100%
Arabie Saoudite
100%
Arabie Saoudite
100%
Arabie Saoudite
100%
Arabie Saoudite
100%
Arabie Saoudite
100%
Arabie Saoudite
100%
Arabie Saoudite
100%
Arabie Saoudite
100%
Arabie Saoudite
100%
Arabie Saoudite
100%
Arabie Saoudite
100%
Argentine
100%
Argentine
100%
Argentine
100%
Argentine
100%
Argentine
100%
Argentine
100%
Argentine
100%
Argentine
100%
Argentine
100%
Argentine
100%
Argentine
100%
Argentine
100%
Argentine
100%
Argentine
100%
Argentine
100%
Argentine
100%
Argentine
100%
Argentine
100%
Argentine
100%
Australie
100%
Australie
100%
Australie
100%
Australie
100%
Australie
100%
Australie
100%
Australie
100%
Australie
100%
Australie
100%
Australie
100%
Australie
100%
Australie
100%
Australie
100%
Australie
100%
Australie
100%
Australie
100%
Australie
100%
Australie
100%
Australie
100%
Australie
100%
Australie
100%
Australie
100%
Australie
100%
Australie
100%
Australie
100%
Australie
100%
Australie
100%
Australie
100%
Australie
100%
Australie
100%
Australie
100%
Australie
100%
Australie
100%
Australie
100%
Australie
100%
Australie
100%
Australie
100%
Australie
100%
Australie
100%
Australie
100%
Australie
100%
Australie
100%
Australie
100%
Australie
100%
Australie
100%
Australie
100%
Australie
100%
Australie
100%
Australie
100%
Australie
100%
Australie
100%
Australie
100%
Australie
100%
Australie
100%
Australie
100%
Barbade
100%
Belgique
100%
Bénin
100%
Biélorussie
100%
Birmanie
100%
Birmanie
100%
Birmanie
100%
Birmanie
100%
Bolivie
100%
Bolivie
100%
Bolivie
100%
Bolivie
100%
Bolivie
100%
Botswana
100%
Botswana
100%
Botswana
100%
Botswana
100%
Botswana
100%
Brésil
100%
Brésil
100%
Brésil
100%
Brésil
100%
Brésil
100%
Brésil
100%
Brésil
100%
Brésil
100%
Brésil
100%
Brésil
100%
Brésil
100%
Brésil
100%
Brésil
100%
Brésil
100%
Brésil
100%
Brésil
100%
Brésil
100%
Brésil
100%
Brésil
100%
Brésil
100%
Brésil
100%
Brésil
100%
Brésil
100%
Brésil
100%
Brésil
100%
Brésil
100%
Brésil
100%
Brésil
100%
Brésil
100%
Brésil
100%
Brésil
100%
Brésil
100%
Brésil
100%
Brésil
100%
Brésil
100%
Brésil
100%
Brésil
100%
Brésil
100%
Brésil
100%
Brésil
100%
Brésil
100%
Brésil
100%
Brésil
100%
Brésil
100%
Brésil
100%
Brésil
100%
Brésil
100%
Brésil
100%
Brésil
100%
Brésil
100%
Brésil
100%
Brésil
100%
Brésil
100%
Brésil
100%
Brunei
100%
Burkina Faso
100%
Canada
100%
Canada
100%
Canada
100%
Canada
100%
Canada
100%
Canada
100%
Canada
100%
Canada
100%
Canada
100%
Canada
100%
Canada
100%
Canada
100%
Canada
100%
Canada
100%
Canada
100%
Canada
100%
Canada
100%
Canada
100%
Canada
100%
Canada
100%
Canada
100%
Canada
100%
Canada
100%
Canada
100%
Canada
100%
Canada
100%
Canada
100%
Canada
100%
Canada
100%
Canada
100%
Canada
100%
Canada
100%
Canada
100%
Canada
100%
Canada
100%
Canada
100%
Canada
100%
Canada
100%
Canada
100%
Canada
100%
Canada
100%
Canada
100%
Canada
100%
Canada
100%
Canada
100%
Canada
100%
Canada
100%
Canada
100%
Canada
100%
Canada
100%
Canada
100%
Canada
100%
Canada
100%
Canada
100%
Canada
100%
Canada
100%
Canada
100%
Canada
100%
Canada
100%
Canada
100%
Canada
100%
Canada
100%
Canada
100%
Canada
100%
Canada
100%
Canada
100%
Canada
100%
Canada
100%
Canada
100%
Canada
100%
Canada
100%
Canada
100%
Canada
100%
Canada
100%
Canada
100%
Canada
100%
Canada
100%
Canada
100%
Canada
100%
Canada
100%
Canada
100%
Canada
100%
Canada
100%
Canada
100%
Canada
100%
Canada
100%
Canada
100%
Canada
100%
Canada
100%
Canada
100%
Canada
100%
Canada
100%
Canada
100%
Canada
100%
Canada
100%
Canada
100%
Canada
100%
Canada
100%
Canada
100%
Canada
100%
Canada
100%
Canada
100%
Canada
100%
Canada
100%
Canada
100%
Canada
100%
Canada
100%
Canada
100%
Canada
100%
Canada
100%
Canada
100%
Canada
100%
Canada
100%
Canada
100%
Canada
100%
Canada
100%
Canada
100%
Canada
100%
Canada
100%
Canada
100%
Canada
100%
Canada
100%
Canada
100%
Canada
100%
Canada
100%
Canada
100%
Canada
100%
Canada
100%
Canada
100%
Canada
100%
Canada
100%
Canada
100%
Canada
100%
Canada
100%
Canada
100%
Canada
100%
Canada
100%
Canada
100%
Canada
100%
Canada
100%
Canada
100%
Canada
100%
Canada
100%
Canada
100%
Canada
100%
Canada
100%
Canada
100%
Canada
100%
Canada
100%
Canada
100%
Canada
100%
Canada
100%
Canada
100%
Canada
100%
Canada
100%
Canada
100%
Cap-Vert
100%
Chili
100%
Chili
100%
Chili
100%
Chili
100%
Chili
100%
Chili
100%
Chili
100%
Chili
100%
Chine
100%
Chine
100%
Chine
100%
Chine
100%
Chine
100%
Chine
100%
Chine
100%
Chine
100%
Chine
100%
Chine
100%
Chine
100%
Chine
100%
Chine
100%
Chine
100%
Chine
100%
Chine
100%
Chine
100%
Chine
100%
Chine
100%
Chine
100%
Chine
100%
Chine
100%
Chine
100%
Chine
100%
Chine
100%
Chine
100%
Chine
100%
Chine
100%
Chine
100%
Chine
100%
Chine
100%
Chine
100%
Chine
100%
Chine
100%
Chine
100%
Chine
100%
Chine
100%
Chine
100%
Chine
100%
Chine
100%
Chine
100%
Chine
100%
Chine
100%
Chine
100%
Chine
100%
Chine
100%
Chine
100%
Chine
100%
Chine
100%
Chine
100%
Chine
100%
Chine
100%
Chine
100%
Chine
100%
Chine
100%
Chine
100%
Chine
100%
Chine
100%
Chine
100%
Chine
100%
Chine
100%
Chine
100%
Chine
100%
Chine
100%
Chine
100%
Chine
100%
Chypre
100%
Colombie
100%
Colombie
100%
Colombie
100%
Colombie
100%
Colombie
100%
Colombie
100%
Corée du Nord
100%
Corée du Nord
100%
Corée du Sud
100%
Corée du Sud
100%
Corée du Sud
100%
Costa Rica
100%
Côte d'Ivoire
100%
Côte d'Ivoire
100%
Croatie
100%
Cuba
100%
Danemark
100%
Danemark
100%
Danemark
100%
Danemark
100%
Danemark
100%
Danemark
100%
Danemark
100%
Danemark
100%
Danemark
100%
Danemark
100%
Danemark
100%
Danemark
100%
Danemark
100%
Danemark
100%
Danemark
100%
Danemark
100%
Danemark
100%
Danemark
100%
Danemark
100%
Danemark
100%
Danemark
100%
Danemark
100%
Danemark
100%
Danemark
100%
Danemark
100%
Danemark
100%
Danemark
100%
Danemark
100%
Danemark
100%
Danemark
100%
Danemark
100%
Danemark
100%
Danemark
100%
Danemark
100%
Danemark
100%
Danemark
100%
Danemark
100%
Danemark
100%
Danemark
100%
Danemark
100%
Danemark
100%
Égypte
100%
Égypte
100%
Égypte
100%
Égypte
100%
Égypte
100%
Égypte
100%
Égypte
100%
Égypte
100%
Égypte
100%
Égypte
100%
Égypte
100%
Équateur
100%
Équateur
100%
Équateur
100%
Équateur
100%
Espagne
100%
Espagne
100%
Espagne
100%
Espagne
100%
Espagne
100%
Espagne
100%
Espagne
100%
Espagne
100%
Espagne
100%
Eswatini
100%
Etats-Unis
100%
Etats-Unis
100%
Etats-Unis
100%
Etats-Unis
100%
Etats-Unis
100%
Etats-Unis
100%
Etats-Unis
100%
Etats-Unis
100%
Etats-Unis
100%
Etats-Unis
100%
Etats-Unis
100%
Etats-Unis
100%
Etats-Unis
100%
Etats-Unis
100%
Etats-Unis
100%
Etats-Unis
100%
Etats-Unis
100%
Etats-Unis
100%
Etats-Unis
100%
Etats-Unis
100%
Etats-Unis
100%
Etats-Unis
100%
Etats-Unis
100%
Etats-Unis
100%
Etats-Unis
100%
Etats-Unis
100%
Etats-Unis
100%
Etats-Unis
100%
Etats-Unis
100%
Etats-Unis
100%
Etats-Unis
100%
Etats-Unis
100%
Etats-Unis
100%
Etats-Unis
100%
Etats-Unis
100%
Etats-Unis
100%
Etats-Unis
100%
Etats-Unis
100%
Etats-Unis
100%
Etats-Unis
100%
Etats-Unis
100%
Etats-Unis
100%
Etats-Unis
100%
Etats-Unis
100%
Etats-Unis
100%
Etats-Unis
100%
Etats-Unis
100%
Etats-Unis
100%
Etats-Unis
100%
Etats-Unis
100%
Etats-Unis
100%
Etats-Unis
100%
Etats-Unis
100%
Etats-Unis
100%
Etats-Unis
100%
Etats-Unis
100%
Etats-Unis
100%
Etats-Unis
100%
Etats-Unis
100%
Etats-Unis
100%
Etats-Unis
100%
Etats-Unis
100%
Etats-Unis
100%
Etats-Unis
100%
Etats-Unis
100%
Etats-Unis
100%
Etats-Unis
100%
Etats-Unis
100%
Etats-Unis
100%
Etats-Unis
100%
Etats-Unis
100%
Etats-Unis
100%
Etats-Unis
100%
Etats-Unis
100%
Etats-Unis
100%
Etats-Unis
100%
Etats-Unis
100%
Etats-Unis
100%
Etats-Unis
100%
Etats-Unis
100%
Etats-Unis
100%
Etats-Unis
100%
Etats-Unis
100%
Etats-Unis
100%
Etats-Unis
100%
Etats-Unis
100%
Etats-Unis
100%
Etats-Unis
100%
Etats-Unis
100%
Etats-Unis
100%
Etats-Unis
100%
Etats-Unis
100%
Etats-Unis
100%
Etats-Unis
100%
Etats-Unis
100%
Etats-Unis
100%
Etats-Unis
100%
Etats-Unis
100%
Etats-Unis
100%
Etats-Unis
100%
Etats-Unis
100%
Etats-Unis
100%
Etats-Unis
100%
Etats-Unis
100%
Etats-Unis
100%
Etats-Unis
100%
Etats-Unis
100%
Etats-Unis
100%
Etats-Unis
100%
Etats-Unis
100%
Etats-Unis
100%
Etats-Unis
100%
Etats-Unis
100%
Etats-Unis
100%
Éthiopie
100%
Éthiopie
100%
Éthiopie
100%
Éthiopie
100%
Finlande
100%
Finlande
100%
Finlande
100%
Finlande
100%
Finlande
100%
France
100%
France
100%
France
100%
France
100%
France
100%
France
100%
France
100%
Gabon
100%
Gabon
100%
Gabon
100%
Ghana
100%
Ghana
100%
Grèce
100%
Grèce
100%
Guatemala
100%
Guatemala
100%
Guatemala
100%
Guinée
100%
Guyana
100%
Haïti
100%
Honduras
100%
Hongrie
100%
Inde
100%
Inde
100%
Inde
100%
Inde
100%
Inde
100%
Inde
100%
Inde
100%
Inde
100%
Inde
100%
Inde
100%
Inde
100%
Inde
100%
Inde
100%
Inde
100%
Indonésie
100%
Indonésie
100%
Indonésie
100%
Indonésie
100%
Indonésie
100%
Indonésie
100%
Indonésie
100%
Indonésie
100%
Indonésie
100%
Indonésie
100%
Indonésie
100%
Indonésie
100%
Indonésie
100%
Indonésie
100%
Indonésie
100%
Indonésie
100%
Irak
100%
Irak
100%
Irak
100%
Iran
100%
Iran
100%
Iran
100%
Iran
100%
Iran
100%
Iran
100%
Irlande
100%
Islande
100%
Islande
100%
Israël
100%
Italie
100%
Italie
100%
Japon
100%
Japon
100%
Japon
100%
Jordanie
100%
Kazakhstan
100%
Kazakhstan
100%
Kazakhstan
100%
Kazakhstan
100%
Kazakhstan
100%
Kazakhstan
100%
Kazakhstan
100%
Kazakhstan
100%
Kazakhstan
100%
Kazakhstan
100%
Kazakhstan
100%
Kazakhstan
100%
Kazakhstan
100%
Kenya
100%
Laos
100%
Liberia
100%
Libye
100%
Libye
100%
Libye
100%
Libye
100%
Libye
100%
Libye
100%
Libye
100%
Libye
100%
Libye
100%
Libye
100%
Libye
100%
Lituanie
100%
Madagascar
100%
Madagascar
100%
Madagascar
100%
Madagascar
100%
Malaisie
100%
Malaisie
100%
Mali
100%
Mali
100%
Mali
100%
Mali
100%
Mali
100%
Mali
100%
Mali
100%
Mali
100%
Maroc
100%
Maroc
100%
Maroc
100%
Maroc
100%
Maroc
100%
Maroc
100%
Maroc
100%
Maroc
100%
Mauritanie
100%
Mauritanie
100%
Mauritanie
100%
Mauritanie
100%
Mexique
100%
Mexique
100%
Mexique
100%
Mexique
100%
Mexique
100%
Mexique
100%
Mexique
100%
Mexique
100%
Mexique
100%
Mexique
100%
Mexique
100%
Mexique
100%
Mexique
100%
Mexique
100%
Mexique
100%
Mexique
100%
Mexique
100%
Mexique
100%
Mexique
100%
Mexique
100%
Mongolie
100%
Mongolie
100%
Mongolie
100%
Mongolie
100%
Mongolie
100%
Mongolie
100%
Mongolie
100%
Mongolie
100%
Mongolie
100%
Mozambique
100%
Mozambique
100%
Mozambique
100%
Namibie
100%
Namibie
100%
Namibie
100%
Namibie
100%
Népal
100%
Népal
100%
Nicaragua
100%
Niger
100%
Niger
100%
Niger
100%
Niger
100%
Nigeria
100%
Nigeria
100%
Nigeria
100%
Nigeria
100%
Norvège
100%
Norvège
100%
Norvège
100%
Norvège
100%
Nouvelle-Zélande
100%
Nouvelle-Zélande
100%
Nouvelle-Zélande
100%
Nouvelle-Zélande
100%
Nouvelle-Zélande
100%
Nouvelle-Zélande
100%
Oman
100%
Oman
100%
Oman
100%
Oman
100%
Ouzbékistan
100%
Pakistan
100%
Panama
100%
Panama
100%
Papouasie-Nouvelle-Guinée
100%
Paraguay
100%
Paraguay
100%
Paraguay
100%
Pays-Bas
100%
Pérou
100%
Pérou
100%
Pérou
100%
Pérou
100%
Pérou
100%
Pérou
100%
Pérou
100%
Philippines
100%
Philippines
100%
Philippines
100%
Pologne
100%
Pologne
100%
Pologne
100%
Pologne
100%
Pologne
100%
Pologne
100%
Portugal
100%
Portugal
100%
République Centrafricaine
100%
République démocratique du Congo
100%
République démocratique du Congo
100%
République démocratique du Congo
100%
République démocratique du Congo
100%
République démocratique du Congo
100%
République démocratique du Congo
100%
République démocratique du Congo
100%
République du Congo
100%
République du Congo
100%
Roumanie
100%
Roumanie
100%
Roumanie
100%
Roumanie
100%
Royaume-Uni
100%
Royaume-Uni
100%
Royaume-Uni
100%
Royaume-Uni
100%
Royaume-Uni
100%
Royaume-Uni
100%
Russie
100%
Russie
100%
Russie
100%
Russie
100%
Russie
100%
Russie
100%
Russie
100%
Russie
100%
Russie
100%
Russie
100%
Russie
100%
Russie
100%
Russie
100%
Russie
100%
Russie
100%
Russie
100%
Russie
100%
Russie
100%
Russie
100%
Russie
100%
Russie
100%
Russie
100%
Russie
100%
Russie
100%
Russie
100%
Russie
100%
Russie
100%
Russie
100%
Russie
100%
Russie
100%
Russie
100%
Russie
100%
Russie
100%
Russie
100%
Russie
100%
Russie
100%
Russie
100%
Russie
100%
Russie
100%
Russie
100%
Russie
100%
Russie
100%
Russie
100%
Russie
100%
Russie
100%
Russie
100%
Russie
100%
Russie
100%
Russie
100%
Russie
100%
Russie
100%
Russie
100%
Russie
100%
Russie
100%
Russie
100%
Russie
100%
Russie
100%
Russie
100%
Russie
100%
Russie
100%
Russie
100%
Russie
100%
Russie
100%
Russie
100%
Russie
100%
Russie
100%
Russie
100%
Russie
100%
Russie
100%
Russie
100%
Russie
100%
Russie
100%
Russie
100%
Russie
100%
Russie
100%
Russie
100%
Russie
100%
Russie
100%
Russie
100%
Russie
100%
Russie
100%
Russie
100%
Russie
100%
Russie
100%
Russie
100%
Russie
100%
Russie
100%
Russie
100%
Russie
100%
Russie
100%
Russie
100%
Russie
100%
Russie
100%
Russie
100%
Russie
100%
Russie
100%
Russie
100%
Russie
100%
Russie
100%
Russie
100%
Russie
100%
Russie
100%
Russie
100%
Russie
100%
Russie
100%
Russie
100%
Russie
100%
Russie
100%
Russie
100%
Russie
100%
Russie
100%
Russie
100%
Russie
100%
Russie
100%
Russie
100%
Russie
100%
Russie
100%
Russie
100%
Russie
100%
Russie
100%
Russie
100%
Russie
100%
Russie
100%
Russie
100%
Russie
100%
Russie
100%
Russie
100%
Russie
100%
Russie
100%
Russie
100%
Russie
100%
Russie
100%
Russie
100%
Russie
100%
Russie
100%
Russie
100%
Russie
100%
Russie
100%
Russie
100%
Russie
100%
Russie
100%
Russie
100%
Russie
100%
Russie
100%
Russie
100%
Russie
100%
Russie
100%
Russie
100%
Russie
100%
Russie
100%
Russie
100%
Russie
100%
Russie
100%
Russie
100%
Russie
100%
Russie
100%
Russie
100%
Russie
100%
Russie
100%
Russie
100%
Russie
100%
Russie
100%
Russie
100%
Russie
100%
Russie
100%
Russie
100%
Russie
100%
Russie
100%
Russie
100%
Russie
100%
Russie
100%
Russie
100%
Russie
100%
Russie
100%
Russie
100%
Russie
100%
Russie
100%
Russie
100%
Russie
100%
Russie
100%
Russie
100%
Russie
100%
Russie
100%
Russie
100%
Russie
100%
Russie
100%
Russie
100%
Russie
100%
Russie
100%
Russie
100%
Russie
100%
Russie
100%
Russie
100%
Russie
100%
Russie
100%
Russie
100%
Russie
100%
Russie
100%
Russie
100%
Russie
100%
Russie
100%
Russie
100%
Russie
100%
Russie
100%
Russie
100%
Russie
100%
Russie
100%
Russie
100%
Russie
100%
Russie
100%
Russie
100%
Russie
100%
Russie
100%
Russie
100%
Russie
100%
Saint-Christophe- et-Niévès
100%
Saint-Vincent-et-les- Grenadines
100%
Salomon
100%
Sénégal
100%
Sénégal
100%
Seychelles
100%
Slovénie
100%
Somalie
100%
Somalie
100%
Somalie
100%
Somalie
100%
Soudan
100%
Soudan
100%
Soudan
100%
Soudan
100%
Soudan
100%
Soudan
100%
Soudan
100%
Soudan du Sud
100%
Sri Lanka
100%
Sri Lanka
100%
Suède
100%
Suède
100%
Suède
100%
Suède
100%
Suède
100%
Suède
100%
Suède
100%
Suède
100%
Suède
100%
Suisse
100%
Suisse
100%
Syrie
100%
Syrie
100%
Taïwan
100%
Tanzanie
100%
Tanzanie
100%
Tanzanie
100%
Tchad
100%
Tchad
100%
Tchad
100%
Tchad
100%
Tchad
100%
Tchad
100%
Thaïlande
100%
Thaïlande
100%
Thaïlande
100%
Togo
100%
Trinité-et-Tobago
100%
Tunisie
100%
Tunisie
100%
Tunisie
100%
Tunisie
100%
Turquie
100%
Turquie
100%
Turquie
100%
Turquie
100%
Turquie
100%
Ukraine
100%
Ukraine
100%
Ukraine
100%
Vanuatu
100%
Venezuela
100%
Venezuela
100%
Venezuela
100%
Venezuela
100%
Venezuela
100%
Venezuela
100%
Venezuela
100%
Venezuela
100%
Viêt Nam
100%
Viêt Nam
100%
Viêt Nam
100%
Viêt Nam
100%
Yémen
100%
Yémen
100%
Yémen
100%
Zambie
100%
Zambie
100%
Zambie
100%
Zimbabwe
100%
Chine
75%
Honduras
75%
Biélorussie
67%
Birmanie
67%
Bolivie
67%
Bolivie
67%
Brésil
67%
Brésil
67%
Chine
67%
Équateur
67%
Etats-Unis
67%
Etats-Unis
67%
Kazakhstan
67%
Mexique
67%
Nicaragua
67%
Ouzbékistan
67%
Pérou
67%
Russie
67%
Russie
67%
Russie
67%
Russie
67%
Russie
67%
Tchad
67%
Turquie
67%
Viêt Nam
67%
Danemark
60%
Afrique du Sud
50%
Algérie
50%
Allemagne
50%
Arabie Saoudite
50%
Arabie Saoudite
50%
Argentine
50%
Argentine
50%
Australie
50%
Australie
50%
Birmanie
50%
Birmanie
50%
Burundi
50%
Canada
50%
Chili
50%
Chine
50%
Chine
50%
Chine
50%
Chine
50%
Chine
50%
Chine
50%
Chine
50%
Chine
50%
Chine
50%
Chine
50%
Colombie
50%
Danemark
50%
Danemark
50%
Égypte
50%
Éthiopie
50%
Gabon
50%
Inde
50%
Inde
50%
Inde
50%
Inde
50%
Indonésie
50%
Iran
50%
Italie
50%
Kazakhstan
50%
Kazakhstan
50%
Laos
50%
Liban
50%
Liberia
50%
Libye
50%
Mali
50%
Mali
50%
Mauritanie
50%
Mexique
50%
Mongolie
50%
Mongolie
50%
Mozambique
50%
Mozambique
50%
Namibie
50%
Népal
50%
Niger
50%
Nigeria
50%
Norvège
50%
Oman
50%
Ouganda
50%
Ouzbékistan
50%
Ouzbékistan
50%
Ouzbékistan
50%
Pakistan
50%
Palaos
50%
Pérou
50%
Philippines
50%
Philippines
50%
République démocratique du Congo
50%
République démocratique du Congo
50%
République dominicaine
50%
Royaume-Uni
50%
Royaume-Uni
50%
Russie
50%
Russie
50%
Russie
50%
Russie
50%
Russie
50%
Russie
50%
Russie
50%
Russie
50%
Russie
50%
Russie
50%
Salomon
50%
Sénégal
50%
Serbie
50%
Singapour
50%
Somalie
50%
Suède
50%
Tadjikistan
50%
Taïwan
50%
Tanzanie
50%
Thaïlande
50%
Thaïlande
50%
Tunisie
50%
Turquie
50%
Turquie
50%
Ukraine
50%
Venezuela
50%
Venezuela
50%
Bulgarie
33%
Chine
33%
Gambie
33%
Inde
33%
Inde
33%
Iran
33%
Iran
33%
Kazakhstan
33%
Kazakhstan
33%
République démocratique du Congo
33%
Ukraine
33%
Ukraine
33%
Vanuatu
33%
Émirats arabes unis
25%
Inde
25%
Tchad
25%
Afghanistan
0%
Afghanistan
0%
Afghanistan
0%
Afghanistan
0%
Afghanistan
0%
Afghanistan
0%
Afghanistan
0%
Afghanistan
0%
Afghanistan
0%
Afghanistan
0%
Afghanistan
0%
Afghanistan
0%
Afrique du Sud
0%
Afrique du Sud
0%
Afrique du Sud
0%
Afrique du Sud
0%
Afrique du Sud
0%
Afrique du Sud
0%
Afrique du Sud
0%
Afrique du Sud
0%
Afrique du Sud
0%
Afrique du Sud
0%
Afrique du Sud
0%
Afrique du Sud
0%
Afrique du Sud
0%
Afrique du Sud
0%
Afrique du Sud
0%
Afrique du Sud
0%
Afrique du Sud
0%
Albanie
0%
Albanie
0%
Algérie
0%
Algérie
0%
Algérie
0%
Algérie
0%
Algérie
0%
Algérie
0%
Algérie
0%
Algérie
0%
Algérie
0%
Algérie
0%
Algérie
0%
Algérie
0%
Algérie
0%
Algérie
0%
Algérie
0%
Algérie
0%
Algérie
0%
Algérie
0%
Algérie
0%
Algérie
0%
Algérie
0%
Allemagne
0%
Allemagne
0%
Allemagne
0%
Allemagne
0%
Angola
0%
Angola
0%
Angola
0%
Angola
0%
Angola
0%
Angola
0%
Angola
0%
Angola
0%
Angola
0%
Angola
0%
Angola
0%
Angola
0%
Angola
0%
Angola
0%
Angola
0%
Antigua-et-Barbuda
0%
Antigua-et-Barbuda
0%
Arabie Saoudite
0%
Arabie Saoudite
0%
Arabie Saoudite
0%
Arabie Saoudite
0%
Arabie Saoudite
0%
Arabie Saoudite
0%
Arabie Saoudite
0%
Arabie Saoudite
0%
Arabie Saoudite
0%
Arabie Saoudite
0%
Arabie Saoudite
0%
Arabie Saoudite
0%
Arabie Saoudite
0%
Arabie Saoudite
0%
Arabie Saoudite
0%
Arabie Saoudite
0%
Arabie Saoudite
0%
Arabie Saoudite
0%
Arabie Saoudite
0%
Arabie Saoudite
0%
Arabie Saoudite
0%
Argentine
0%
Argentine
0%
Argentine
0%
Argentine
0%
Argentine
0%
Argentine
0%
Argentine
0%
Argentine
0%
Argentine
0%
Argentine
0%
Argentine
0%
Argentine
0%
Argentine
0%
Argentine
0%
Argentine
0%
Argentine
0%
Argentine
0%
Argentine
0%
Argentine
0%
Argentine
0%
Argentine
0%
Argentine
0%
Argentine
0%
Argentine
0%
Argentine
0%
Argentine
0%
Argentine
0%
Argentine
0%
Argentine
0%
Argentine
0%
Arménie
0%
Arménie
0%
Australie
0%
Australie
0%
Australie
0%
Australie
0%
Australie
0%
Australie
0%
Australie
0%
Australie
0%
Australie
0%
Australie
0%
Australie
0%
Australie
0%
Australie
0%
Australie
0%
Australie
0%
Australie
0%
Australie
0%
Australie
0%
Australie
0%
Australie
0%
Australie
0%
Australie
0%
Australie
0%
Australie
0%
Australie
0%
Australie
0%
Australie
0%
Australie
0%
Australie
0%
Australie
0%
Australie
0%
Australie
0%
Australie
0%
Australie
0%
Australie
0%
Australie
0%
Australie
0%
Australie
0%
Australie
0%
Australie
0%
Australie
0%
Australie
0%
Australie
0%
Australie
0%
Australie
0%
Australie
0%
Australie
0%
Australie
0%
Australie
0%
Australie
0%
Australie
0%
Australie
0%
Australie
0%
Australie
0%
Australie
0%
Australie
0%
Australie
0%
Australie
0%
Australie
0%
Australie
0%
Australie
0%
Australie
0%
Australie
0%
Australie
0%
Australie
0%
Australie
0%
Australie
0%
Australie
0%
Australie
0%
Australie
0%
Australie
0%
Australie
0%
Australie
0%
Australie
0%
Australie
0%
Australie
0%
Australie
0%
Australie
0%
Australie
0%
Autriche
0%
Autriche
0%
Autriche
0%
Autriche
0%
Azerbaïdjan
0%
Azerbaïdjan
0%
Azerbaïdjan
0%
Azerbaïdjan
0%
Bahamas
0%
Bahamas
0%
Bahamas
0%
Bahamas
0%
Bahreïn
0%
Bangladesh
0%
Bangladesh
0%
Bangladesh
0%
Bangladesh
0%
Belgique
0%
Belize
0%
Bénin
0%
Bénin
0%
Bénin
0%
Bhoutan
0%
Biélorussie
0%
Biélorussie
0%
Biélorussie
0%
Biélorussie
0%
Birmanie
0%
Birmanie
0%
Birmanie
0%
Birmanie
0%
Birmanie
0%
Birmanie
0%
Birmanie
0%
Birmanie
0%
Birmanie
0%
Bolivie
0%
Bolivie
0%
Bolivie
0%
Bolivie
0%
Bolivie
0%
Bolivie
0%
Bolivie
0%
Bolivie
0%
Bolivie
0%
Bolivie
0%
Bolivie
0%
Bolivie
0%
Bolivie
0%
Bosnie-Herzégovine
0%
Bosnie-Herzégovine
0%
Bosnie-Herzégovine
0%
Botswana
0%
Botswana
0%
Botswana
0%
Botswana
0%
Botswana
0%
Botswana
0%
Brésil
0%
Brésil
0%
Brésil
0%
Brésil
0%
Brésil
0%
Brésil
0%
Brésil
0%
Brésil
0%
Brésil
0%
Brésil
0%
Brésil
0%
Brésil
0%
Brésil
0%
Brésil
0%
Brésil
0%
Brésil
0%
Brésil
0%
Brésil
0%
Brésil
0%
Brésil
0%
Brésil
0%
Brésil
0%
Brésil
0%
Brésil
0%
Brésil
0%
Brésil
0%
Brésil
0%
Brésil
0%
Brésil
0%
Brésil
0%
Brésil
0%
Brésil
0%
Brésil
0%
Brésil
0%
Brésil
0%
Brésil
0%
Brésil
0%
Brésil
0%
Brésil
0%
Brésil
0%
Brésil
0%
Brésil
0%
Brésil
0%
Brésil
0%
Brésil
0%
Brésil
0%
Brésil
0%
Brésil
0%
Brésil
0%
Brésil
0%
Brésil
0%
Brésil
0%
Brésil
0%
Brésil
0%
Brésil
0%
Brésil
0%
Brésil
0%
Brésil
0%
Brésil
0%
Brésil
0%
Brésil
0%
Brésil
0%
Brésil
0%
Brésil
0%
Brésil
0%
Brésil
0%
Brésil
0%
Brésil
0%
Brésil
0%
Brésil
0%
Brésil
0%
Brésil
0%
Bulgarie
0%
Bulgarie
0%
Bulgarie
0%
Burkina Faso
0%
Burkina Faso
0%
Burkina Faso
0%
Burkina Faso
0%
Cambodge
0%
Cambodge
0%
Cambodge
0%
Cameroun
0%
Cameroun
0%
Cameroun
0%
Cameroun
0%
Cameroun
0%
Cameroun
0%
Cameroun
0%
Cameroun
0%
Cameroun
0%
Canada
0%
Canada
0%
Canada
0%
Canada
0%
Canada
0%
Canada
0%
Canada
0%
Canada
0%
Canada
0%
Canada
0%
Canada
0%
Canada
0%
Canada
0%
Canada
0%
Canada
0%
Canada
0%
Canada
0%
Canada
0%
Canada
0%
Canada
0%
Canada
0%
Canada
0%
Canada
0%
Canada
0%
Canada
0%
Canada
0%
Canada
0%
Canada
0%
Canada
0%
Canada
0%
Canada
0%
Canada
0%
Canada
0%
Canada
0%
Canada
0%
Canada
0%
Canada
0%
Canada
0%
Canada
0%
Canada
0%
Canada
0%
Canada
0%
Canada
0%
Canada
0%
Canada
0%
Canada
0%
Canada
0%
Canada
0%
Canada
0%
Canada
0%
Canada
0%
Canada
0%
Canada
0%
Canada
0%
Canada
0%
Canada
0%
Canada
0%
Canada
0%
Canada
0%
Canada
0%
Canada
0%
Canada
0%
Canada
0%
Canada
0%
Canada
0%
Canada
0%
Canada
0%
Canada
0%
Canada
0%
Canada
0%
Canada
0%
Canada
0%
Canada
0%
Canada
0%
Canada
0%
Canada
0%
Canada
0%
Canada
0%
Canada
0%
Canada
0%
Canada
0%
Canada
0%
Canada
0%
Canada
0%
Canada
0%
Canada
0%
Canada
0%
Canada
0%
Canada
0%
Canada
0%
Canada
0%
Canada
0%
Canada
0%
Canada
0%
Canada
0%
Canada
0%
Canada
0%
Canada
0%
Canada
0%
Canada
0%
Canada
0%
Canada
0%
Canada
0%
Canada
0%
Canada
0%
Canada
0%
Canada
0%
Canada
0%
Canada
0%
Canada
0%
Canada
0%
Canada
0%
Canada
0%
Canada
0%
Canada
0%
Canada
0%
Canada
0%
Canada
0%
Canada
0%
Canada
0%
Canada
0%
Canada
0%
Canada
0%
Canada
0%
Canada
0%
Canada
0%
Canada
0%
Canada
0%
Canada
0%
Canada
0%
Canada
0%
Canada
0%
Canada
0%
Canada
0%
Canada
0%
Canada
0%
Canada
0%
Canada
0%
Canada
0%
Canada
0%
Canada
0%
Canada
0%
Canada
0%
Canada
0%
Canada
0%
Canada
0%
Canada
0%
Canada
0%
Canada
0%
Canada
0%
Canada
0%
Canada
0%
Canada
0%
Canada
0%
Canada
0%
Canada
0%
Canada
0%
Canada
0%
Canada
0%
Canada
0%
Canada
0%
Canada
0%
Canada
0%
Canada
0%
Canada
0%
Canada
0%
Canada
0%
Canada
0%
Canada
0%
Canada
0%
Canada
0%
Canada
0%
Canada
0%
Canada
0%
Canada
0%
Canada
0%
Canada
0%
Canada
0%
Canada
0%
Canada
0%
Canada
0%
Cap-Vert
0%
Cap-Vert
0%
Chili
0%
Chili
0%
Chili
0%
Chili
0%
Chili
0%
Chili
0%
Chili
0%
Chili
0%
Chili
0%
Chili
0%
Chili
0%
Chili
0%
Chili
0%
Chili
0%
Chili
0%
Chine
0%
Chine
0%
Chine
0%
Chine
0%
Chine
0%
Chine
0%
Chine
0%
Chine
0%
Chine
0%
Chine
0%
Chine
0%
Chine
0%
Chine
0%
Chine
0%
Chine
0%
Chine
0%
Chine
0%
Chine
0%
Chine
0%
Chine
0%
Chine
0%
Chine
0%
Chine
0%
Chine
0%
Chine
0%
Chine
0%
Chine
0%
Chine
0%
Chine
0%
Chine
0%
Chine
0%
Chine
0%
Chine
0%
Chine
0%
Chine
0%
Chine
0%
Chine
0%
Chine
0%
Chine
0%
Chine
0%
Chine
0%
Chine
0%
Chine
0%
Chine
0%
Chine
0%
Chine
0%
Chine
0%
Chine
0%
Chine
0%
Chine
0%
Chine
0%
Chine
0%
Chine
0%
Chine
0%
Chine
0%
Chine
0%
Chine
0%
Chine
0%
Chine
0%
Chine
0%
Chine
0%
Chine
0%
Chine
0%
Chine
0%
Chine
0%
Chine
0%
Chine
0%
Chine
0%
Chine
0%
Chine
0%
Chine
0%
Chine
0%
Chine
0%
Chine
0%
Chine
0%
Chine
0%
Chine
0%
Chine
0%
Chine
0%
Chine
0%
Chine
0%
Chine
0%
Chine
0%
Chine
0%
Chine
0%
Chine
0%
Chine
0%
Chine
0%
Chine
0%
Chine
0%
Chine
0%
Chine
0%
Chine
0%
Chine
0%
Chine
0%
Chine
0%
Chine
0%
Chine
0%
Chine
0%
Chine
0%
Chine
0%
Chine
0%
Chine
0%
Chine
0%
Chine
0%
Chine
0%
Chine
0%
Chine
0%
Chine
0%
Chine
0%
Chine
0%
Chypre
0%
Colombie
0%
Colombie
0%
Colombie
0%
Colombie
0%
Colombie
0%
Colombie
0%
Colombie
0%
Colombie
0%
Colombie
0%
Colombie
0%
Colombie
0%
Colombie
0%
Colombie
0%
Comores
0%
Corée du Nord
0%
Corée du Nord
0%
Corée du Nord
0%
Corée du Nord
0%
Corée du Sud
0%
Corée du Sud
0%
Costa Rica
0%
Côte d'Ivoire
0%
Côte d'Ivoire
0%
Côte d'Ivoire
0%
Côte d'Ivoire
0%
Croatie
0%
Croatie
0%
Croatie
0%
Cuba
0%
Cuba
0%
Cuba
0%
Cuba
0%
Cuba
0%
Cuba
0%
Danemark
0%
Danemark
0%
Danemark
0%
Danemark
0%
Danemark
0%
Danemark
0%
Danemark
0%
Danemark
0%
Danemark
0%
Danemark
0%
Danemark
0%
Danemark
0%
Danemark
0%
Danemark
0%
Danemark
0%
Danemark
0%
Danemark
0%
Danemark
0%
Danemark
0%
Danemark
0%
Danemark
0%
Danemark
0%
Danemark
0%
Danemark
0%
Danemark
0%
Danemark
0%
Danemark
0%
Danemark
0%
Danemark
0%
Danemark
0%
Danemark
0%
Danemark
0%
Danemark
0%
Danemark
0%
Danemark
0%
Danemark
0%
Danemark
0%
Danemark
0%
Danemark
0%
Danemark
0%
Danemark
0%
Danemark
0%
Danemark
0%
Danemark
0%
Danemark
0%
Danemark
0%
Danemark
0%
Danemark
0%
Danemark
0%
Danemark
0%
Danemark
0%
Djibouti
0%
Dominique
0%
Égypte
0%
Égypte
0%
Égypte
0%
Égypte
0%
Égypte
0%
Égypte
0%
Égypte
0%
Émirats arabes unis
0%
Émirats arabes unis
0%
Équateur
0%
Érythrée
0%
Érythrée
0%
Érythrée
0%
Érythrée
0%
Érythrée
0%
Espagne
0%
Espagne
0%
Espagne
0%
Espagne
0%
Espagne
0%
Espagne
0%
Espagne
0%
Espagne
0%
Espagne
0%
Estonie
0%
Estonie
0%
Estonie
0%
Etats-Unis
0%
Etats-Unis
0%
Etats-Unis
0%
Etats-Unis
0%
Etats-Unis
0%
Etats-Unis
0%
Etats-Unis
0%
Etats-Unis
0%
Etats-Unis
0%
Etats-Unis
0%
Etats-Unis
0%
Etats-Unis
0%
Etats-Unis
0%
Etats-Unis
0%
Etats-Unis
0%
Etats-Unis
0%
Etats-Unis
0%
Etats-Unis
0%
Etats-Unis
0%
Etats-Unis
0%
Etats-Unis
0%
Etats-Unis
0%
Etats-Unis
0%
Etats-Unis
0%
Etats-Unis
0%
Etats-Unis
0%
Etats-Unis
0%
Etats-Unis
0%
Etats-Unis
0%
Etats-Unis
0%
Etats-Unis
0%
Etats-Unis
0%
Etats-Unis
0%
Etats-Unis
0%
Etats-Unis
0%
Etats-Unis
0%
Etats-Unis
0%
Etats-Unis
0%
Etats-Unis
0%
Etats-Unis
0%
Etats-Unis
0%
Etats-Unis
0%
Etats-Unis
0%
Etats-Unis
0%
Etats-Unis
0%
Etats-Unis
0%
Etats-Unis
0%
Etats-Unis
0%
Etats-Unis
0%
Etats-Unis
0%
Etats-Unis
0%
Etats-Unis
0%
Etats-Unis
0%
Etats-Unis
0%
Etats-Unis
0%
Etats-Unis
0%
Etats-Unis
0%
Etats-Unis
0%
Etats-Unis
0%
Etats-Unis
0%
Etats-Unis
0%
Etats-Unis
0%
Etats-Unis
0%
Etats-Unis
0%
Etats-Unis
0%
Etats-Unis
0%
Etats-Unis
0%
Etats-Unis
0%
Etats-Unis
0%
Etats-Unis
0%
Etats-Unis
0%
Etats-Unis
0%
Etats-Unis
0%
Etats-Unis
0%
Etats-Unis
0%
Etats-Unis
0%
Etats-Unis
0%
Etats-Unis
0%
Etats-Unis
0%
Etats-Unis
0%
Etats-Unis
0%
Etats-Unis
0%
Etats-Unis
0%
Etats-Unis
0%
Etats-Unis
0%
Etats-Unis
0%
Etats-Unis
0%
Etats-Unis
0%
Etats-Unis
0%
Etats-Unis
0%
Etats-Unis
0%
Etats-Unis
0%
Etats-Unis
0%
Etats-Unis
0%
Etats-Unis
0%
Etats-Unis
0%
Etats-Unis
0%
Etats-Unis
0%
Etats-Unis
0%
Etats-Unis
0%
Etats-Unis
0%
Etats-Unis
0%
Etats-Unis
0%
Etats-Unis
0%
Etats-Unis
0%
Etats-Unis
0%
Etats-Unis
0%
Etats-Unis
0%
Etats-Unis
0%
Etats-Unis
0%
Etats-Unis
0%
Etats-Unis
0%
Etats-Unis
0%
Etats-Unis
0%
Etats-Unis
0%
Etats-Unis
0%
Etats-Unis
0%
Etats-Unis
0%
Etats-Unis
0%
Etats-Unis
0%
Etats-Unis
0%
Etats-Unis
0%
Etats-Unis
0%
Etats-Unis
0%
Etats-Unis
0%
Etats-Unis
0%
Etats-Unis
0%
Etats-Unis
0%
Etats-Unis
0%
Éthiopie
0%
Éthiopie
0%
Éthiopie
0%
Éthiopie
0%
Éthiopie
0%
Éthiopie
0%
Éthiopie
0%
Éthiopie
0%
Éthiopie
0%
Éthiopie
0%
Éthiopie
0%
Fidji
0%
Fidji
0%
Fidji
0%
Finlande
0%
Finlande
0%
Finlande
0%
Finlande
0%
Finlande
0%
Finlande
0%
Finlande
0%
Finlande
0%
France
0%
France
0%
France
0%
France
0%
France
0%
France
0%
France
0%
France
0%
France
0%
France
0%
France
0%
France
0%
France
0%
France
0%
France
0%
Gabon
0%
Gambie
0%
Géorgie
0%
Géorgie
0%
Géorgie
0%
Ghana
0%
Ghana
0%
Ghana
0%
Grèce
0%
Grèce
0%
Grèce
0%
Grèce
0%
Grenade
0%
Guinée
0%
Guinée
0%
Guinée
0%
Guinée
0%
Guinée-Bissau
0%
Guinée-Bissau
0%
Guinée équatoriale
0%
Guinée équatoriale
0%
Guyana
0%
Guyana
0%
Guyana
0%
Guyana
0%
Haïti
0%
Haïti
0%
Honduras
0%
Hongrie
0%
Hongrie
0%
Hongrie
0%
Île Maurice
0%
Îles Marshall
0%
Îles Marshall
0%
Îles Marshall
0%
Inde
0%
Inde
0%
Inde
0%
Inde
0%
Inde
0%
Inde
0%
Inde
0%
Inde
0%
Inde
0%
Inde
0%
Inde
0%
Inde
0%
Inde
0%
Inde
0%
Inde
0%
Inde
0%
Inde
0%
Inde
0%
Inde
0%
Inde
0%
Inde
0%
Inde
0%
Inde
0%
Inde
0%
Inde
0%
Inde
0%
Inde
0%
Inde
0%
Inde
0%
Inde
0%
Inde
0%
Inde
0%
Inde
0%
Inde
0%
Inde
0%
Inde
0%
Inde
0%
Inde
0%
Inde
0%
Inde
0%
Inde
0%
Indonésie
0%
Indonésie
0%
Indonésie
0%
Indonésie
0%
Indonésie
0%
Indonésie
0%
Indonésie
0%
Indonésie
0%
Indonésie
0%
Indonésie
0%
Indonésie
0%
Indonésie
0%
Indonésie
0%
Indonésie
0%
Indonésie
0%
Indonésie
0%
Indonésie
0%
Indonésie
0%
Indonésie
0%
Indonésie
0%
Indonésie
0%
Indonésie
0%
Indonésie
0%
Indonésie
0%
Indonésie
0%
Indonésie
0%
Indonésie
0%
Indonésie
0%
Indonésie
0%
Indonésie
0%
Indonésie
0%
Indonésie
0%
Indonésie
0%
Irak
0%
Irak
0%
Irak
0%
Irak
0%
Irak
0%
Irak
0%
Irak
0%
Irak
0%
Iran
0%
Iran
0%
Iran
0%
Iran
0%
Iran
0%
Iran
0%
Iran
0%
Iran
0%
Iran
0%
Iran
0%
Iran
0%
Iran
0%
Iran
0%
Iran
0%
Iran
0%
Iran
0%
Iran
0%
Iran
0%
Iran
0%
Iran
0%
Iran
0%
Iran
0%
Iran
0%
Iran
0%
Irlande
0%
Irlande
0%
Islande
0%
Islande
0%
Islande
0%
Islande
0%
Israël
0%
Israël
0%
Italie
0%
Italie
0%
Italie
0%
Italie
0%
Italie
0%
Italie
0%
Italie
0%
Italie
0%
Jamaïque
0%
Jamaïque
0%
Japon
0%
Japon
0%
Japon
0%
Japon
0%
Japon
0%
Japon
0%
Japon
0%
Japon
0%
Japon
0%
Japon
0%
Japon
0%
Jordanie
0%
Jordanie
0%
Kazakhstan
0%
Kazakhstan
0%
Kazakhstan
0%
Kazakhstan
0%
Kazakhstan
0%
Kazakhstan
0%
Kazakhstan
0%
Kazakhstan
0%
Kazakhstan
0%
Kazakhstan
0%
Kazakhstan
0%
Kazakhstan
0%
Kazakhstan
0%
Kazakhstan
0%
Kazakhstan
0%
Kazakhstan
0%
Kazakhstan
0%
Kazakhstan
0%
Kazakhstan
0%
Kazakhstan
0%
Kazakhstan
0%
Kazakhstan
0%
Kazakhstan
0%
Kazakhstan
0%
Kazakhstan
0%
Kazakhstan
0%
Kazakhstan
0%
Kazakhstan
0%
Kazakhstan
0%
Kazakhstan
0%
Kazakhstan
0%
Kazakhstan
0%
Kazakhstan
0%
Kazakhstan
0%
Kazakhstan
0%
Kazakhstan
0%
Kazakhstan
0%
Kazakhstan
0%
Kazakhstan
0%
Kazakhstan
0%
Kazakhstan
0%
Kazakhstan
0%
Kazakhstan
0%
Kazakhstan
0%
Kazakhstan
0%
Kazakhstan
0%
Kazakhstan
0%
Kazakhstan
0%
Kazakhstan
0%
Kazakhstan
0%
Kazakhstan
0%
Kazakhstan
0%
Kazakhstan
0%
Kenya
0%
Kenya
0%
Kenya
0%
Kenya
0%
Kenya
0%
Kenya
0%
Kenya
0%
Kenya
0%
Kenya
0%
Kenya
0%
Kirghizistan
0%
Kirghizistan
0%
Kirghizistan
0%
Kirghizistan
0%
Kirghizistan
0%
Kirghizistan
0%
Kiribati
0%
Kiribati
0%
Kiribati
0%
Kiribati
0%
Kosovo
0%
Koweït
0%
Laos
0%
Laos
0%
Laos
0%
Laos
0%
Lesotho
0%
Lettonie
0%
Lettonie
0%
Lettonie
0%
Libye
0%
Libye
0%
Libye
0%
Libye
0%
Libye
0%
Libye
0%
Libye
0%
Libye
0%
Libye
0%
Libye
0%
Libye
0%
Libye
0%
Libye
0%
Libye
0%
Libye
0%
Libye
0%
Libye
0%
Libye
0%
Libye
0%
Liechtenstein
0%
Lituanie
0%
Lituanie
0%
Lituanie
0%
Luxembourg
0%
Macédoine du Nord
0%
Madagascar
0%
Madagascar
0%
Madagascar
0%
Madagascar
0%
Madagascar
0%
Madagascar
0%
Madagascar
0%
Madagascar
0%
Malaisie
0%
Malaisie
0%
Malaisie
0%
Malaisie
0%
Malawi
0%
Malawi
0%
Malawi
0%
Maldives
0%
Mali
0%
Mali
0%
Mali
0%
Mali
0%
Mali
0%
Mali
0%
Mali
0%
Mali
0%
Mali
0%
Mali
0%
Mali
0%
Mali
0%
Malte
0%
Maroc
0%
Maroc
0%
Maroc
0%
Maroc
0%
Maroc
0%
Maroc
0%
Maroc
0%
Maroc
0%
Mauritanie
0%
Mauritanie
0%
Mauritanie
0%
Mauritanie
0%
Mauritanie
0%
Mauritanie
0%
Mauritanie
0%
Mauritanie
0%
Mauritanie
0%
Mauritanie
0%
Mauritanie
0%
Mauritanie
0%
Mauritanie
0%
Mauritanie
0%
Mauritanie
0%
Mauritanie
0%
Mauritanie
0%
Mauritanie
0%
Mexique
0%
Mexique
0%
Mexique
0%
Mexique
0%
Mexique
0%
Mexique
0%
Mexique
0%
Mexique
0%
Mexique
0%
Mexique
0%
Mexique
0%
Mexique
0%
Mexique
0%
Mexique
0%
Mexique
0%
Mexique
0%
Mexique
0%
Mexique
0%
Mexique
0%
Mexique
0%
Micronésie
0%
Micronésie
0%
Micronésie
0%
Micronésie
0%
Moldavie
0%
Moldavie
0%
Moldavie
0%
Mongolie
0%
Mongolie
0%
Mongolie
0%
Mongolie
0%
Mongolie
0%
Mongolie
0%
Mongolie
0%
Mongolie
0%
Mongolie
0%
Mongolie
0%
Mongolie
0%
Mongolie
0%
Mongolie
0%
Mongolie
0%
Mongolie
0%
Mongolie
0%
Mongolie
0%
Mongolie
0%
Mongolie
0%
Mongolie
0%
Mongolie
0%
Mongolie
0%
Monténégro
0%
Mozambique
0%
Mozambique
0%
Mozambique
0%
Mozambique
0%
Mozambique
0%
Mozambique
0%
Mozambique
0%
Mozambique
0%
Mozambique
0%
Namibie
0%
Namibie
0%
Namibie
0%
Namibie
0%
Namibie
0%
Namibie
0%
Namibie
0%
Namibie
0%
Namibie
0%
Namibie
0%
Namibie
0%
Namibie
0%
Nauru
0%
Népal
0%
Nicaragua
0%
Nicaragua
0%
Niger
0%
Niger
0%
Niger
0%
Niger
0%
Niger
0%
Niger
0%
Niger
0%
Niger
0%
Niger
0%
Niger
0%
Niger
0%
Niger
0%
Niger
0%
Niger
0%
Niger
0%
Niger
0%
Nigeria
0%
Nigeria
0%
Nigeria
0%
Nigeria
0%
Nigeria
0%
Nigeria
0%
Nigeria
0%
Nigeria
0%
Nigeria
0%
Nigeria
0%
Nigeria
0%
Norvège
0%
Norvège
0%
Norvège
0%
Norvège
0%
Norvège
0%
Norvège
0%
Norvège
0%
Norvège
0%
Norvège
0%
Norvège
0%
Norvège
0%
Norvège
0%
Nouvelle-Zélande
0%
Nouvelle-Zélande
0%
Nouvelle-Zélande
0%
Nouvelle-Zélande
0%
Nouvelle-Zélande
0%
Oman
0%
Oman
0%
Oman
0%
Oman
0%
Ouganda
0%
Ouganda
0%
Ouganda
0%
Ouganda
0%
Ouzbékistan
0%
Ouzbékistan
0%
Ouzbékistan
0%
Ouzbékistan
0%
Ouzbékistan
0%
Ouzbékistan
0%
Ouzbékistan
0%
Ouzbékistan
0%
Ouzbékistan
0%
Pakistan
0%
Pakistan
0%
Pakistan
0%
Pakistan
0%
Pakistan
0%
Pakistan
0%
Pakistan
0%
Pakistan
0%
Pakistan
0%
Pakistan
0%
Pakistan
0%
Pakistan
0%
Pakistan
0%
Pakistan
0%
Pakistan
0%
Pakistan
0%
Palaos
0%
Panama
0%
Panama
0%
Papouasie-Nouvelle-Guinée
0%
Papouasie-Nouvelle-Guinée
0%
Papouasie-Nouvelle-Guinée
0%
Papouasie-Nouvelle-Guinée
0%
Papouasie-Nouvelle-Guinée
0%
Papouasie-Nouvelle-Guinée
0%
Papouasie-Nouvelle-Guinée
0%
Papouasie-Nouvelle-Guinée
0%
Papouasie-Nouvelle-Guinée
0%
Papouasie-Nouvelle-Guinée
0%
Papouasie-Nouvelle-Guinée
0%
Papouasie-Nouvelle-Guinée
0%
Papouasie-Nouvelle-Guinée
0%
Paraguay
0%
Paraguay
0%
Paraguay
0%
Paraguay
0%
Paraguay
0%
Paraguay
0%
Paraguay
0%
Pays-Bas
0%
Pays-Bas
0%
Pays-Bas
0%
Pays-Bas
0%
Pérou
0%
Pérou
0%
Pérou
0%
Pérou
0%
Pérou
0%
Pérou
0%
Pérou
0%
Pérou
0%
Pérou
0%
Pérou
0%
Pérou
0%
Pérou
0%
Pérou
0%
Pérou
0%
Philippines
0%
Philippines
0%
Philippines
0%
Philippines
0%
Philippines
0%
Philippines
0%
Philippines
0%
Philippines
0%
Pologne
0%
Pologne
0%
Pologne
0%
Pologne
0%
Pologne
0%
Pologne
0%
Portugal
0%
Portugal
0%
Portugal
0%
Portugal
0%
Portugal
0%
Qatar
0%
Qatar
0%
République Centrafricaine
0%
République Centrafricaine
0%
République Centrafricaine
0%
République Centrafricaine
0%
République Centrafricaine
0%
République Centrafricaine
0%
République Centrafricaine
0%
République Centrafricaine
0%
République Centrafricaine
0%
République Centrafricaine
0%
République Centrafricaine
0%
République démocratique du Congo
0%
République démocratique du Congo
0%
République démocratique du Congo
0%
République démocratique du Congo
0%
République démocratique du Congo
0%
République démocratique du Congo
0%
République démocratique du Congo
0%
République démocratique du Congo
0%
République démocratique du Congo
0%
République démocratique du Congo
0%
République démocratique du Congo
0%
République démocratique du Congo
0%
République démocratique du Congo
0%
République démocratique du Congo
0%
République démocratique du Congo
0%
République démocratique du Congo
0%
République démocratique du Congo
0%
République démocratique du Congo
0%
République démocratique du Congo
0%
République démocratique du Congo
0%
République démocratique du Congo
0%
République démocratique du Congo
0%
République démocratique du Congo
0%
République dominicaine
0%
République du Congo
0%
République du Congo
0%
République du Congo
0%
République du Congo
0%
République du Congo
0%
République du Congo
0%
République tchèque
0%
République tchèque
0%
République tchèque
0%
République tchèque
0%
Roumanie
0%
Roumanie
0%
Roumanie
0%
Royaume-Uni
0%
Royaume-Uni
0%
Royaume-Uni
0%
Royaume-Uni
0%
Royaume-Uni
0%
Royaume-Uni
0%
Royaume-Uni
0%
Royaume-Uni
0%
Russie
0%
Russie
0%
Russie
0%
Russie
0%
Russie
0%
Russie
0%
Russie
0%
Russie
0%
Russie
0%
Russie
0%
Russie
0%
Russie
0%
Russie
0%
Russie
0%
Russie
0%
Russie
0%
Russie
0%
Russie
0%
Russie
0%
Russie
0%
Russie
0%
Russie
0%
Russie
0%
Russie
0%
Russie
0%
Russie
0%
Russie
0%
Russie
0%
Russie
0%
Russie
0%
Russie
0%
Russie
0%
Russie
0%
Russie
0%
Russie
0%
Russie
0%
Russie
0%
Russie
0%
Russie
0%
Russie
0%
Russie
0%
Russie
0%
Russie
0%
Russie
0%
Russie
0%
Russie
0%
Russie
0%
Russie
0%
Russie
0%
Russie
0%
Russie
0%
Russie
0%
Russie
0%
Russie
0%
Russie
0%
Russie
0%
Russie
0%
Russie
0%
Russie
0%
Russie
0%
Russie
0%
Russie
0%
Russie
0%
Russie
0%
Russie
0%
Russie
0%
Russie
0%
Russie
0%
Russie
0%
Russie
0%
Russie
0%
Russie
0%
Russie
0%
Russie
0%
Russie
0%
Russie
0%
Russie
0%
Russie
0%
Russie
0%
Russie
0%
Russie
0%
Russie
0%
Russie
0%
Russie
0%
Russie
0%
Russie
0%
Russie
0%
Russie
0%
Russie
0%
Russie
0%
Russie
0%
Russie
0%
Russie
0%
Russie
0%
Russie
0%
Russie
0%
Russie
0%
Russie
0%
Russie
0%
Russie
0%
Russie
0%
Russie
0%
Russie
0%
Russie
0%
Russie
0%
Russie
0%
Russie
0%
Russie
0%
Russie
0%
Russie
0%
Russie
0%
Russie
0%
Russie
0%
Russie
0%
Russie
0%
Russie
0%
Russie
0%
Russie
0%
Russie
0%
Russie
0%
Russie
0%
Russie
0%
Russie
0%
Russie
0%
Russie
0%
Russie
0%
Russie
0%
Russie
0%
Russie
0%
Russie
0%
Russie
0%
Russie
0%
Russie
0%
Russie
0%
Russie
0%
Russie
0%
Russie
0%
Russie
0%
Russie
0%
Russie
0%
Russie
0%
Russie
0%
Russie
0%
Russie
0%
Russie
0%
Russie
0%
Russie
0%
Russie
0%
Russie
0%
Russie
0%
Russie
0%
Russie
0%
Russie
0%
Russie
0%
Russie
0%
Russie
0%
Russie
0%
Russie
0%
Russie
0%
Russie
0%
Russie
0%
Russie
0%
Russie
0%
Russie
0%
Russie
0%
Russie
0%
Russie
0%
Russie
0%
Russie
0%
Russie
0%
Russie
0%
Russie
0%
Russie
0%
Russie
0%
Russie
0%
Russie
0%
Russie
0%
Russie
0%
Russie
0%
Russie
0%
Russie
0%
Russie
0%
Russie
0%
Russie
0%
Russie
0%
Russie
0%
Russie
0%
Russie
0%
Russie
0%
Russie
0%
Russie
0%
Russie
0%
Russie
0%
Russie
0%
Russie
0%
Russie
0%
Russie
0%
Russie
0%
Russie
0%
Russie
0%
Russie
0%
Russie
0%
Russie
0%
Russie
0%
Russie
0%
Russie
0%
Russie
0%
Russie
0%
Russie
0%
Russie
0%
Russie
0%
Russie
0%
Russie
0%
Russie
0%
Russie
0%
Russie
0%
Russie
0%
Russie
0%
Russie
0%
Russie
0%
Russie
0%
Russie
0%
Russie
0%
Russie
0%
Russie
0%
Russie
0%
Russie
0%
Russie
0%
Russie
0%
Russie
0%
Russie
0%
Russie
0%
Russie
0%
Russie
0%
Russie
0%
Russie
0%
Russie
0%
Russie
0%
Russie
0%
Russie
0%
Russie
0%
Russie
0%
Russie
0%
Russie
0%
Russie
0%
Russie
0%
Russie
0%
Russie
0%
Russie
0%
Russie
0%
Russie
0%
Russie
0%
Russie
0%
Russie
0%
Russie
0%
Russie
0%
Russie
0%
Russie
0%
Russie
0%
Russie
0%
Russie
0%
Russie
0%
Russie
0%
Russie
0%
Russie
0%
Russie
0%
Russie
0%
Russie
0%
Russie
0%
Russie
0%
Russie
0%
Russie
0%
Russie
0%
Russie
0%
Russie
0%
Russie
0%
Russie
0%
Russie
0%
Russie
0%
Russie
0%
Russie
0%
Russie
0%
Russie
0%
Russie
0%
Russie
0%
Russie
0%
Russie
0%
Russie
0%
Russie
0%
Russie
0%
Russie
0%
Russie
0%
Russie
0%
Russie
0%
Russie
0%
Russie
0%
Russie
0%
Russie
0%
Russie
0%
Russie
0%
Russie
0%
Russie
0%
Russie
0%
Russie
0%
Russie
0%
Russie
0%
Russie
0%
Russie
0%
Russie
0%
Russie
0%
Russie
0%
Russie
0%
Russie
0%
Russie
0%
Russie
0%
Russie
0%
Russie
0%
Russie
0%
Russie
0%
Russie
0%
Russie
0%
Russie
0%
Russie
0%
Russie
0%
Russie
0%
Russie
0%
Russie
0%
Russie
0%
Russie
0%
Russie
0%
Russie
0%
Russie
0%
Russie
0%
Russie
0%
Russie
0%
Russie
0%
Rwanda
0%
Saint-Christophe- et-Niévès
0%
Sainte-Lucie
0%
Saint-Marin
0%
Salomon
0%
Salomon
0%
Salomon
0%
Salomon
0%
Salomon
0%
Salomon
0%
Salomon
0%
Salvador
0%
Samoa
0%
Samoa
0%
Sao Tomé-et-Principe
0%
Sao Tomé-et-Principe
0%
Sénégal
0%
Sénégal
0%
Serbie
0%
Serbie
0%
Sierra Leone
0%
Sierra Leone
0%
Slovaquie
0%
Slovaquie
0%
Slovaquie
0%
Slovénie
0%
Somalie
0%
Somalie
0%
Somalie
0%
Somalie
0%
Somalie
0%
Somalie
0%
Somalie
0%
Somalie
0%
Somalie
0%
Soudan
0%
Soudan
0%
Soudan
0%
Soudan
0%
Soudan
0%
Soudan
0%
Soudan
0%
Soudan
0%
Soudan
0%
Soudan
0%
Soudan
0%
Soudan
0%
Soudan
0%
Soudan
0%
Soudan
0%
Soudan
0%
Soudan
0%
Soudan
0%
Soudan
0%
Soudan
0%
Soudan
0%
Soudan
0%
Soudan
0%
Soudan
0%
Soudan
0%
Soudan du Sud
0%
Soudan du Sud
0%
Soudan du Sud
0%
Soudan du Sud
0%
Soudan du Sud
0%
Soudan du Sud
0%
Soudan du Sud
0%
Soudan du Sud
0%
Soudan du Sud
0%
Soudan du Sud
0%
Soudan du Sud
0%
Sri Lanka
0%
Suède
0%
Suède
0%
Suède
0%
Suède
0%
Suède
0%
Suède
0%
Suède
0%
Suisse
0%
Suriname
0%
Suriname
0%
Suriname
0%
Syrie
0%
Syrie
0%
Syrie
0%
Tadjikistan
0%
Tadjikistan
0%
Tadjikistan
0%
Tadjikistan
0%
Tadjikistan
0%
Taïwan
0%
Tanzanie
0%
Tanzanie
0%
Tanzanie
0%
Tanzanie
0%
Tanzanie
0%
Tanzanie
0%
Tanzanie
0%
Tanzanie
0%
Tanzanie
0%
Tanzanie
0%
Tanzanie
0%
Tanzanie
0%
Tanzanie
0%
Tchad
0%
Tchad
0%
Tchad
0%
Tchad
0%
Tchad
0%
Tchad
0%
Tchad
0%
Tchad
0%
Tchad
0%
Tchad
0%
Tchad
0%
Tchad
0%
Tchad
0%
Tchad
0%
Tchad
0%
Thaïlande
0%
Thaïlande
0%
Thaïlande
0%
Thaïlande
0%
Thaïlande
0%
Thaïlande
0%
Thaïlande
0%
Thaïlande
0%
Thaïlande
0%
Timor oriental
0%
Timor oriental
0%
Togo
0%
Togo
0%
Tonga
0%
Trinité-et-Tobago
0%
Turkménistan
0%
Turkménistan
0%
Turkménistan
0%
Turkménistan
0%
Turkménistan
0%
Turkménistan
0%
Turkménistan
0%
Turkménistan
0%
Turkménistan
0%
Turkménistan
0%
Turkménistan
0%
Turkménistan
0%
Turkménistan
0%
Turkménistan
0%
Turquie
0%
Turquie
0%
Turquie
0%
Turquie
0%
Turquie
0%
Turquie
0%
Turquie
0%
Turquie
0%
Turquie
0%
Turquie
0%
Turquie
0%
Turquie
0%
Turquie
0%
Turquie
0%
Turquie
0%
Tuvalu
0%
Ukraine
0%
Ukraine
0%
Ukraine
0%
Ukraine
0%
Ukraine
0%
Ukraine
0%
Ukraine
0%
Ukraine
0%
Ukraine
0%
Ukraine
0%
Ukraine
0%
Uruguay
0%
Uruguay
0%
Uruguay
0%
Uruguay
0%
Vanuatu
0%
Vanuatu
0%
Vanuatu
0%
Venezuela
0%
Venezuela
0%
Venezuela
0%
Venezuela
0%
Venezuela
0%
Venezuela
0%
Venezuela
0%
Venezuela
0%
Venezuela
0%
Viêt Nam
0%
Viêt Nam
0%
Viêt Nam
0%
Viêt Nam
0%
Viêt Nam
0%
Yémen
0%
Yémen
0%
Yémen
0%
Yémen
0%
Yémen
0%
Yémen
0%
Yémen
0%
Zambie
0%
Zambie
0%
Zambie
0%
Zambie
0%
Zambie
0%
Zambie
0%
Zambie
0%
Zambie
0%
Zambie
0%
Zambie
0%
Zimbabwe
0%
Zimbabwe
0%
Zimbabwe
0%
Zimbabwe
0%
Zimbabwe
0%
Zimbabwe
0%
Aucun quiz correspondant
Distribution des résultats
% des personnes avec chaque résultat
Percentile par nombre de réponses
Votre historique - résultats
Vous n’avez pas pris ce quiz